00705nam a2200193 4500001000700000003000900007005001700016007000300033008004100036100003000077245011300107260003100220300002200251700002800273700003700301852003200338999001900370952012200389140134ES-MaACL20230906200020.0t|070214s1969 sp r ||||1| spa d1 aSchulman, Ivan A.910476310aMartí, Darío y el modernismo / cIvan A. Schulman, Manuel Pedro González ; prólogo de Cintio Vitier. aMadrid : bGredos, c1969. a268 p. ; c21 cm.1 aVitier, Cintio.91155131 aGonzález, Manuel Pedro.958361 aES-MaACLjC-35986 bR.69704 c140134d140134 00104070aATENEOMbATENEOMcDEPO2d2008-01-17eSCl0oC-35986p1145830r2023-02-23 00:00:00w2023-02-23yMONOGRAFIA